NGOs, civil society, and the public sphere / (Record no. 115220)

MARC details
000 -LEADER
campo de control de longitud fija 03299nam a2200625 a 4500
003 - IDENTIFICADOR DE NÚMERO DE CONTROL
campo de control BJBSDDR
005 - FECHA Y HORA DE LA ÚLTIMA TRANSACCIÓN
campo de control 20230411090721.0
007 - CAMPO FIJO DE DESCRIPCIÓN FÍSICA--INFORMACIÓN GENERAL
campo de control de longitud fija ta
008 - DATOS DE LONGITUD FIJA--INFORMACIÓN GENERAL
campo de control de longitud fija 120521s20142013enka ob 001 0 eng d
020 ## - NÚMERO INTERNACIONAL ESTÁNDAR DEL LIBRO
Número Internacional Estándar del Libro 1139794191
020 ## - NÚMERO INTERNACIONAL ESTÁNDAR DEL LIBRO
Número Internacional Estándar del Libro 1139889206
020 ## - NÚMERO INTERNACIONAL ESTÁNDAR DEL LIBRO
Número Internacional Estándar del Libro 1139779842
020 ## - NÚMERO INTERNACIONAL ESTÁNDAR DEL LIBRO
Número Internacional Estándar del Libro 1139782835
020 ## - NÚMERO INTERNACIONAL ESTÁNDAR DEL LIBRO
Número Internacional Estándar del Libro 1139776800
020 ## - NÚMERO INTERNACIONAL ESTÁNDAR DEL LIBRO
Número Internacional Estándar del Libro 1139783769
020 ## - NÚMERO INTERNACIONAL ESTÁNDAR DEL LIBRO
Número Internacional Estándar del Libro 1139177141
020 ## - NÚMERO INTERNACIONAL ESTÁNDAR DEL LIBRO
Número Internacional Estándar del Libro 1283746468
020 ## - NÚMERO INTERNACIONAL ESTÁNDAR DEL LIBRO
Número Internacional Estándar del Libro 1139778323
035 ## - NÚMERO DE CONTROL DEL SISTEMA
Número de control de sistema (CKB)2550000000708496
035 ## - NÚMERO DE CONTROL DEL SISTEMA
Número de control de sistema (EBL)1042514
035 ## - NÚMERO DE CONTROL DEL SISTEMA
Número de control de sistema (OCoLC)821647497
035 ## - NÚMERO DE CONTROL DEL SISTEMA
Número de control de sistema (SSID)ssj0000756450
035 ## - NÚMERO DE CONTROL DEL SISTEMA
Número de control de sistema (PQKBManifestationID)11428112
035 ## - NÚMERO DE CONTROL DEL SISTEMA
Número de control de sistema (PQKBTitleCode)TC0000756450
035 ## - NÚMERO DE CONTROL DEL SISTEMA
Número de control de sistema (PQKBWorkID)10750991
035 ## - NÚMERO DE CONTROL DEL SISTEMA
Número de control de sistema (PQKB)10627645
035 ## - NÚMERO DE CONTROL DEL SISTEMA
Número de control de sistema (UkCbUP)CR9781139177146
035 ## - NÚMERO DE CONTROL DEL SISTEMA
Número de control de sistema (MiAaPQ)EBC1042514
035 ## - NÚMERO DE CONTROL DEL SISTEMA
Número de control de sistema (Au-PeEL)EBL1042514
035 ## - NÚMERO DE CONTROL DEL SISTEMA
Número de control de sistema (CaPaEBR)ebr10621712
035 ## - NÚMERO DE CONTROL DEL SISTEMA
Número de control de sistema (CaONFJC)MIL405896
035 ## - NÚMERO DE CONTROL DEL SISTEMA
Número de control de sistema (EXLCZ)992550000000708496
040 ## - FUENTE DE CATALOGACIÓN
Centro catalogador/agencia de origen MiAaPQ
Centro/agencia transcriptor MiAaPQ
Lengua de catalogación spa
041 ## - CÓDIGO DE IDIOMA
Código de lengua del texto/banda sonora o título independiente eng
050 14 - SIGNATURA TOPOGRÁFICA DE LA BIBLIOTECA DEL CONGRESO
Número de clasificación JZ 4841
Número de ítem L271n 2013
082 00 - NÚMERO DE LA CLASIFICACIÓN DECIMAL DEWEY
Número de clasificación 300
Número de edición 23
100 1# - ENTRADA PRINCIPAL--NOMBRE DE PERSONA
Nombre de persona Lang, Sabine
Fechas asociadas al nombre 1959-
245 10 - MENCIÓN DEL TÍTULO
Título NGOs, civil society, and the public sphere /
Mención de responsabilidad, etc. Sabine Lang.
260 ## - PUBLICACIÓN, DISTRIBUCIÓN, ETC.
Lugar de publicación, distribución, etc. Cambridge :
Nombre del editor, distribuidor, etc. Cambridge University Press,
Fecha de publicación, distribución, etc. 2014
300 ## - DESCRIPCIÓN FÍSICA
Extensión (273 p. :)
Otras características físicas ill. ;
Dimensiones 24 cm
500 ## - NOTA GENERAL
Nota general Title from publisher's bibliographic system (viewed on 05 Oct 2015).
504 ## - NOTA DE BIBLIOGRAFÍA, ETC.
Nota de bibliografía, etc. Includes bibliographical references and index.
505 8# - NOTA DE CONTENIDO CON FORMATO
Nota de contenido con formato Machine generated contents note: 1. David or Goliath? situating NGOs in politics; 2. Civil society as a public sphere; 3. The NGOization of civil society; 4. Limits to NGO advocacy in the public sphere; 5. Urban development advocacy in the United States and Germany; 6. Transnational women's NGO networks in the European Union; 7. NGOs navigating inclusion in governance and public accountabilities; Appendix A. Interviews for chapter 5; Appendix B. Interviews for chapter 6; Appendix C. Website analysis for chapter 6; Appendix D. Issue crawler figures for chapter 6.
520 ## - RESUMEN, ETC.
Sumario, etc. "Nongovernmental organizations act on behalf of citizens in politics and society. Yet many question their legitimacy and ask who they speak for. This book investigates how NGOs can become stronger advocates for citizens and better representatives of their interests. Sabine Lang analyzes the choices that NGOs face in their work for policy change between working in institutional settings and practicing public advocacy that incorporates constituents' voices. Whereas most books on NGOs focus on policy effectiveness, using approaches that treat accountability largely as a matter of internal performance measurements, Lang instead argues that it is ultimately several public accountabilities that inform NGO legitimacy. The case studies in this book use empirical research from the European Union, the United States, and Germany to point to governments' role in redefining the conditions for NGOs' public advocacy"--
Fuente proveedora Provided by publisher.
546 ## - NOTA DE IDIOMA
Nota de lengua/lenguaje English
650 #0 - PUNTO DE ACCESO ADICIONAL DE MATERIA--TÉRMINO DE MATERIA
Término de materia o nombre geográfico como elemento de entrada Non-governmental organizations.
650 #0 - PUNTO DE ACCESO ADICIONAL DE MATERIA--TÉRMINO DE MATERIA
Término de materia o nombre geográfico como elemento de entrada Civil society.
650 #0 - PUNTO DE ACCESO ADICIONAL DE MATERIA--TÉRMINO DE MATERIA
Término de materia o nombre geográfico como elemento de entrada Organizaciones no gubernamentales
9 (RLIN) 3218
650 #4 - PUNTO DE ACCESO ADICIONAL DE MATERIA--TÉRMINO DE MATERIA
Término de materia o nombre geográfico como elemento de entrada Sociedad civil
9 (RLIN) 2278
655 #4 - TERMINO DE INDIZACIÓN--GENERO/FORMA
Datos o término principal de género/forma Electronic books.
776 ## - ENTRADA DE FORMULARIO FÍSICO ADICIONAL
Número Internacional Estándar del Libro 1-107-41755-4
776 ## - ENTRADA DE FORMULARIO FÍSICO ADICIONAL
Número Internacional Estándar del Libro 1-107-02499-4
906 ## - ELEMENTOS DE DATOS F LOCAL, LDF (RLIN)
a BOOK
942 ## - ELEMENTOS DE ENTRADA SECUNDARIOS (KOHA)
Fuente del sistema de clasificación o colocación Clasificación de Library of Congress
Tipo de ítem Koha Libro
Holdings
Estatus retirado Estado de pérdida Estado de daño No para préstamo Colección Biblioteca de origen Biblioteca actual Ubicación en estantería Fecha de adquisición Signatura topográfica completa Código de barras Visto por última vez Copia número Tipo de ítem Koha
        Ciencias Sociales Biblioteca Juan Bosch Biblioteca Juan Bosch Ciencias Sociales (3er. Piso) 10/05/2021 JZ 4841 L271n 2013 00000149996 10/05/2021 1 Libro